|
|
|
|
| LEADER |
00000nam a22000007i 4500 |
| 001 |
IT\ICCU\URB\0999800 |
| 003 |
ItRI |
| 005 |
20250618171759.0 |
| 008 |
250522s2025 it |||||| ||||| |||||c |
| 020 |
|
|
|a 9791256141456
|
| 040 |
|
|
|b ita
|c GP
|
| 041 |
|
7 |
|a ita
|2 ISO-639-2
|
| 130 |
0 |
|
|a Nicolas Page
|
| 245 |
0 |
0 |
|a Nicolas Pages /
|c Guillaume Dustan ; prefazione di Thomas Clerc ; traduzione di Francesco Leto.
|
| 260 |
|
|
|a Roma :
|b Castelvecchi,
|c 2025
|
| 300 |
|
|
|a 403 p. ;
|c 21 cm
|
| 942 |
|
|
|2 ddc
|c BK
|
| 952 |
|
|
|0 0
|1 0
|2 ddc
|4 0
|6 853_920000000000000_DUS
|7 1
|9 4317
|a RM
|b RM
|d 2025-06-18
|l 0
|o 853 92 DUS
|p 919
|r 2025-06-18 17:18:36
|w 2025-06-18
|y BK
|
| 981 |
|
1 |
|6 z01
|a i
|b xxxe
|
| 982 |
|
1 |
|6 z01
|a n
|
| 999 |
|
|
|c 3325
|d 3325
|